000 00308nam a22001337a 4500
008 181012b xxu||||| |||| 00| 0 eng d
020 _a9780534370923
041 _aeng
080 _a311
100 _a55
101 _aSTA
245 _aIntroduction to Statistics and Data Analysis
_cPeck
942 _2udc
_cBK
999 _c49526
_d49526